<?xml version="1.0" encoding="UTF-8"?>
<record
    xmlns:xsi="http://www.w3.org/2001/XMLSchema-instance"
    xsi:schemaLocation="http://www.loc.gov/MARC21/slim http://www.loc.gov/standards/marcxml/schema/MARC21slim.xsd"
    xmlns="http://www.loc.gov/MARC21/slim">

  <leader>02841cam a2200241   4500500</leader>
  <controlfield tag="005">20250117223210.0</controlfield>
  <datafield tag="041" ind1=" " ind2=" ">
    <subfield code="a">fre</subfield>
  </datafield>
  <datafield tag="042" ind1=" " ind2=" ">
    <subfield code="a">dc</subfield>
  </datafield>
  <datafield tag="100" ind1="1" ind2="0">
    <subfield code="a">Berger, Emmanuel</subfield>
    <subfield code="e">author</subfield>
  </datafield>
  <datafield tag="245" ind1="0" ind2="0">
    <subfield code="a">Ordre public et poursuites criminelles sous le Directoire (1795-1799)</subfield>
  </datafield>
  <datafield tag="260" ind1=" " ind2=" ">
    <subfield code="c">2007.
							</subfield>
  </datafield>
  <datafield tag="500" ind1=" " ind2=" ">
    <subfield code="a">49</subfield>
  </datafield>
  <datafield tag="520" ind1=" " ind2=" ">
    <subfield code="a">Au cours des premi&#xE8;res ann&#xE9;es de la R&#xE9;volution, les Constituants instaurent un nouveau mod&#xE8;le judiciaire. Ce dernier, que l&#x2019;on peut qualifier de lib&#xE9;ral, est destin&#xE9; &#xE0; r&#xE9;aliser la synth&#xE8;se entre la n&#xE9;cessit&#xE9; de prot&#xE9;ger les libert&#xE9;s et le devoir de maintenir l&#x2019;ordre public. Cependant, d&#xE8;s 1790, certains d&#xE9;put&#xE9;s contestent la capacit&#xE9; de la justice lib&#xE9;rale &#xE0; prot&#xE9;ger la population face aux attaques des brigands et des criminels. Le laxisme des juges de paix et les &#xAB;&#xA0;acquittements scandaleux&#xA0;&#xBB; prononc&#xE9;s par les jur&#xE9;s populaires en sont tenus pour responsables. Les attaques persistent tout au long du Directoire et deviennent dominantes &#xE0; partir du Consulat, au point de provoquer la suppression progressive de plusieurs garanties essentielles aux droits naturels des citoyens. &#xC0; travers la probl&#xE9;matique des poursuites criminelles men&#xE9;es sous le Directoire, nous avons tent&#xE9; de comprendre le fondement et les implications des r&#xE9;formes consulaires et imp&#xE9;riales qui provoqu&#xE8;rent la disparition du mod&#xE8;le judiciaire de la R&#xE9;volution.</subfield>
  </datafield>
  <datafield tag="520" ind1=" " ind2=" ">
    <subfield code="a">During the first years of the Revolution, the Constituants developed a new judicial model. This model that one can call liberal aimed to combine the necessity of protecting liberties and the duty of maintaining public order. But from 1790 onwards, certain deputies disputed the capacity of liberal justice to protect the population from attacks by bandits and criminals. The indulgence of justices of the peace and &#x201C;scandalous acquittals&#x201D; rendered by citizen juries were held responsable for this problem. These criticisms persisted throughout the Directory and grew more pronounced beginning with the Consulat to the point of causing the progressive suppression of several guarantees essential to the natural rights of citizens. By studying criminal prosecution under the Directory, the author has tried to understand the nature of judicial reforms effected during the Consulate and Empire that would bring about the disappearance of the judicial model of the Revolution.</subfield>
  </datafield>
  <datafield tag="690" ind1=" " ind2=" ">
    <subfield code="a">libert&#xE9;s individuelles</subfield>
  </datafield>
  <datafield tag="690" ind1=" " ind2=" ">
    <subfield code="a">juge de paix</subfield>
  </datafield>
  <datafield tag="690" ind1=" " ind2=" ">
    <subfield code="a">poursuites criminelles</subfield>
  </datafield>
  <datafield tag="690" ind1=" " ind2=" ">
    <subfield code="a">justice p&#xE9;nale</subfield>
  </datafield>
  <datafield tag="690" ind1=" " ind2=" ">
    <subfield code="a">jury d'accusation</subfield>
  </datafield>
  <datafield tag="690" ind1=" " ind2=" ">
    <subfield code="a">ordre public</subfield>
  </datafield>
  <datafield tag="786" ind1="0" ind2=" ">
    <subfield code="n">Annales historiques de la R&#xE9;volution fran&#xE7;aise | 350 | 4 | 2007-12-01 | p. 135-152 | 0003-4436</subfield>
  </datafield>
  <datafield tag="856" ind1="4" ind2="1">
    <subfield code="u">https://shs.cairn.info/revue-annales-historiques-de-la-revolution-francaise-2007-4-page-135?lang=fr&amp;redirect-ssocas=7080</subfield>
  </datafield>
  <datafield tag="999" ind1=" " ind2=" ">
    <subfield code="c">302531</subfield>
    <subfield code="d">302531</subfield>
  </datafield>
</record>
